| 000 | 01221nam a2200301 i 4500 | ||
|---|---|---|---|
| 001 | 190664 | ||
| 003 | ES-MaACL | ||
| 005 | 20240130121258.0 | ||
| 008 | 220419s2017 sp bd 001 0 spa | ||
| 020 | _a978-84-9097-385-1 | ||
| 080 | _a341.232 | ||
| 080 | _a502.131.1 | ||
| 100 | 1 |
_aSotillo, José Ángel. _9166910 |
|
| 245 | 1 | 3 |
_aEl ecosistema de la cooperación : _bla agenda 2030 para el desarrollo sostenible / _cJosé Ángel Sotillo Lorenzo. |
| 260 |
_aMadrid : _bLos Libros de la Catarata : _bInstituto Universitario de Desarrollo y Cooperación (IUDC), _c[2017] |
||
| 300 |
_a206 p. : _bgráf., mapas ; _c22 cm. |
||
| 490 | 1 |
_aDesarrollo y cooperación ; _v655 |
|
| 504 | _aBibliografía: p. 203-206. | ||
| 650 | 4 |
_aCooperación internacional. _911350 |
|
| 650 | 4 |
_aDesarrollo sostenible. _911817 |
|
| 710 | 2 |
_aUniversidad Complutense de Madrid. _bInstituto Universitario de Desarrollo y Cooperación. _97133 |
|
| 830 | 1 |
_aDesarrollo y cooperación ; _v655 _9193268 |
|
| 852 | 4 |
_aES-MaACL _jA-14940 _9 197844 _bR.152148 _cDEPO1 _dOlim: N-7940 _hDonacion: Tomas Mallo |
|
| 903 |
_975818 _aMallo, Tomás _ednr |
||
| 942 |
_2udc _cMONOGRAFIA |
||
| 999 |
_c190664 _d190664 |
||